000 00772nam a2200205 a 4500
001 000470943
003 AM-YEHGA
005 20251121153003.0
008 060117s1915 ru |||||||||||||||0|rus|d
040 _aAM-YEHGA
041 1 _arus
100 1 _aКорниль, К.
245 1 0 _aПророки :
_bПять публичных лекций /
_cК. Корниль ; Пер. Д. Желоховцева ; Под ред. и с предисл. Н.М. Никольскаго.
260 _aМосква :
_bИзд. М.и С. Сабашниковых,
_c1915.
300 _a224 с.
650 1 4 _aБиблия
700 1 _aЖелоховцев, Д.
_eпер.
_4trl
700 1 _aНикольский, Н.М.
_eред.
_4edt
_eавт. предисл.
_4aui
942 _2udc
_cBK
999 _c536766
_d536766